000 01826nam2a22003011 4500
001 rc\330797
005 20250612173743.0
010 _a5-280-01041-3
_950000
035 _a(NLR Aleph) 008757467
090 _a7844909
_c7844909
100 _a20030307d1990 |||y0rusy50 ca
101 0 _arus
102 _aRU
105 _ay |||||||||
200 1 _aЗаписки поэта
_e[По страницам кн. "Было"]
_aЗеленая брама
_e[Докум. легенда]
_aМеждународный вагон
_e[Повесть без вымысла]
210 _d1990
_aБ. м.
215 _a767, [1] с.
_d22
320 _aАлф. указ. произведений: с. 740-766
327 1 _aСодерж.: Записки поэта: (По страницам кн. "Было"); Зеленая брама: (Докум. легенда об одном из первых сражений Великой Отеч. войны); Международный вагон: (Повесть без вымысла)
461 0 _1001rc\330794
_12001#$aСобрание сочинений$eВ 3 т.$fЕвгений Долматовский$g[Вступ. ст. Р. Казаковой]$vТ. 3
_1700#1$aДолматовский$bЕ.А.$gЕвгений Аронович$f1915-
_97851382
_aДолматовский, Е.А. (1915-)
_cМ.
_d1989-
_fЕвгений Долматовский
_nХудож. лит.
_oВ 3 т.
_tСобрание сочинений
_y5280007781
_vТ. 3
464 0 _12001#$aЗаписки поэта
_tЗаписки поэта
464 0 _12001#$aЗеленая брама
_tЗеленая брама
464 0 _12001#$aМеждународный вагон
_tМеждународный вагон
801 0 _aRU
_bNLR
_gpsbo
801 1 _aRU
_bELAR
_2rusmarc
852 _aNLR
_j89-3/13834
942 _cBOOK
980 _aNB